000 00735nam a2200229 i 4500
001 74956
003 ES-MaACL
005 20240521105419.0
007 t|
008 040921s1965 sp ||||1| spa d
100 1 _aGosset, Pierre.
_959265
245 1 0 _aHitler /
_cPierre y Renée Gosset ; traducción de Salustiano Maso y Francisco Díez del Corral.
250 _a[1ª ed.].
260 _a[Madrid] :
_bCid,
_c[1965]
300 _a2 v., 8 lám. ;
_c21 cm.
600 1 4 _aHitler, Adolf,
_d1889-1945
_963836
700 1 _aGosset, Renée.
_959266
700 0 _aMasó, Salustiano,
_d1923-
_978744
700 0 _aDíez del Corral, Francisco.
_944717
852 _aES-MaACL
_jC-28278-9
_bR.57521
999 _c74956
_d74956